| 000 | 00836nam a2200253 a 4500 | ||
|---|---|---|---|
| 999 |
_c12193 _d12193 |
||
| 001 | 12193 | ||
| 003 | BD-JhCC | ||
| 005 | 20210323114941.0 | ||
| 008 | 210323b2017 bg a|||| ||a| 000 0 ben d | ||
| 020 | _a9846371306 | ||
| 035 | _a(BD-JhCC)12193 | ||
| 040 |
_aBD-JhCC _dBD-JhCC |
||
| 041 | _abengali | ||
| 082 |
_a032.083 _bUDV 2017 |
||
| 245 |
_aউদ্ভিদজগৎ / _cসম্পা: আলী ইমাম । |
||
| 260 |
_aঢাকা : _bবিজ্ঞান একাডেমী; _c২০১৭. |
||
| 300 |
_a52 P. : _bill ; _c24 cm. |
||
| 490 | _aছোটদের বিজ্ঞানপিডিয়া --০৫ | ||
| 650 | _aChildren's encyclopedias and dictionaries | ||
| 650 | _aEncyclopedias and dictionaries | ||
| 700 | _a ইমাম, আলী | ||
| 942 |
_2ddc _cBK |
||